000
002440000a22000970004500
100
1
_a
Parzani, Ulrich
245
1
0
_a
A call for help from Europe
300
_a
Vol. 16, Núm 60 (1989), Páginas 18-20
773
0
_t
World Evangelization
942
_c
ANA
999
_c
57851
_d
57851